LEADER 01222nam0-22003251i-450- 001 990006281860403321 005 20070118153551.0 035 $a000628186 035 $aFED01000628186 035 $a(Aleph)000628186FED01 035 $a000628186 100 $a20000112d1948----km-y0itay50------ba 101 0 $aita 102 $aIT 105 $ay---n---001yy 200 1 $a<>legge generale sulla pubblica amministrazione$el'organizzazione amministrativa dello Stato$el'organizzazione amministrativa degli Enti pubblici$ela giustizia amministrativa$fPresidenza del Consiglio dei Ministri, Commissione per la riforma dell'Amministrazione$gpref. di U. Forti 210 $aRoma$cIstituto Poligrafico dello Stato$d1948 215 $a458 p.$d24 cm 676 $a350.009$v21$zita 702 1$aForti,$bU. 710 01$aItalia :$bPresidenza del Consiglio dei Ministri :$bCommissione per la riforma dell'Amministrazione$0254944 801 0$aIT$bUNINA$gRICA$2UNIMARC 901 $aBK 912 $a990006281860403321 952 $aVI I 11$b29569$fFGBC 952 $aDono prof. Iaccarino 20$b1978$fDDA 959 $aFGBC 959 $aDDA 996 $aLegge generale sulla pubblica amministrazione$9639715 997 $aUNINA LEADER 01358nam0 22002891i 450 001 UON00101281 005 20231205102553.800 100 $a20020107d1973 |0itac50 ba 101 $aeng 102 $aSE 105 $a|||| 1|||| 200 1 $aHerakles on Thasos$ethe archaeological, literary and epigraphic evidence for his sanctuary, status and cult reconsidered$fBirgitta Bergquist 210 $aUppsala$d1973 215 $a 106 p.$cill.$d27 cm 410 1$1001UON00020308$12001 $aActa Universitatis Upsaliensis. Boreas$eUppsala Studies in Ancient Mediterranean and Nera Eastern Civilizations$feditor: Sture Brunnsaker$1210 $aUppsala$c[Academia Ubsaliensis]$d1970- v. ; cm$v005 606 $aERACLE$xCulto$3UONC025883$2FI 606 $aSANTUARIO DI ERACLE$xThasos$3UONC026897$2FI 606 $aTHASOS$xSantuario di Eracle$3UONC026898$2FI 676 $a726$cEdifici per scopi religiosi (tombe,ecc.)$v21 676 $a291.4$cCulti$v21 700 1$aBERGQUIST$bBirgitta$3UONV056995$0205291 801 $aIT$bSOL$c20240220$gRICA 899 $aSIBA - SISTEMA BIBLIOTECARIO DI ATENEO$2UONSI 912 $aUON00101281 950 $aSIBA - SISTEMA BIBLIOTECARIO DI ATENEO$dSI N 1 THA. 001 $eSI MC 16358 5 996 $aHerakles on Thasos$9288012 997 $aUNIOR